| 000 | 00560nam a22002057a 4500 | ||
|---|---|---|---|
| 003 | BD-ChCU | ||
| 005 | 20260511105734.0 | ||
| 008 | 260511b nyu ||||| |||| 00| 0eng d | ||
| 020 | _a9780136147763 | ||
| 040 | _cBD-ChCU | ||
| 082 |
_223 _a910.285 J51i |
||
| 100 |
_aJensen, John R. _922749 |
||
| 245 |
_aIntroductory geographic information systems / _cJohn R Jensen. |
||
| 260 |
_aNew York : _bPearson, _c2013 |
||
| 300 | _a400 P. : | ||
| 504 | _aIncludes. | ||
| 650 | 0 |
_aGIS _922750 |
|
| 700 |
_aJensen, Ryan R. _eJt.Author _922751 |
||
| 942 |
_2ddc _cBK _n0 |
||
| 999 |
_c112859 _d112859 |
||